| 000 | 00485ntaaa2200193 4500 | ||
|---|---|---|---|
| 003 | 01 | ||
| 005 | 20251027201547.0 | ||
| 008 | 0714s1973 ag 01 | ||
| 040 |
_aAR-BaBN _bspa _cAR-BaBN _eaacr _dRIC |
||
| 082 | _a230.0000 B56 | ||
| 100 |
_aBlackamn, E. C. _914299 |
||
| 245 | _aThe Faith We Preach | ||
| 250 | _a1 ed. | ||
| 260 |
_aLondon : _bIndependent Press Ltd., _c1952 |
||
| 300 | _a139 p. | ||
| 500 | _aTeologia de Dios, Hombre y Cristo. | ||
| 650 | _aTeologĂa | ||
| 942 | _cBK | ||
| 999 |
_c10241 _d10241 |
||